Library atlas (Record no. 36428)

MARC details
000 -LEADER
fixed length control field 00264nam a2200109Ia 4500
082 ## - DEWEY DECIMAL CLASSIFICATION NUMBER
Classification number 912(084.4)(100)
Item number PHI
100 ## - MAIN ENTRY--AUTHOR NAME
Personal name Philip, G
245 #0 - TITLE STATEMENT
Title Library atlas
260 ## - PUBLICATION, DISTRIBUTION, ETC. (IMPRINT)
Place of publication London
Name of publisher George Philip
Year of publication 1981
942 ## - ADDED ENTRY ELEMENTS (KOHA)
Koha item type Books
Holdings
Withdrawn status Lost status Damaged status Not for loan Home library Current library Date acquired Cost, normal purchase price Full call number Accession Number Koha item type
        RRII Library RRII Library 16/12/2021 12.50 912(084.4)(100) PHI 16834 Books